Morshu Dialogue - Statistics

General Stats
  • This quiz has been taken 20 times
  • The average score is 25 of 33
Answer Stats
Answer % Correct
Bombs?
100%
Lamp
92%
oil?
92%
Rope?
92%
As
85%
as
85%
enough
85%
friend.
85%
have
85%
it?
85%
It’s
85%
long
85%
my
85%
rupees.
85%
want
85%
You
85%
you
85%
yours
85%
a
62%
can’t
62%
Come
62%
credit!
62%
give
62%
I
62%
Link,
62%
little,
62%
sorry
62%
when
62%
you’re
62%
back
54%
I’m
54%
mmmmm,
54%
richer!
54%
No matching quizzes found
Score Distribution
Percent of People with Each Score
Percentile by Number Answered
Your Score History
You have not taken this quiz